000 00576cam a2200205ua 4500
001 9453
008 150911n ii |||gr||||Z||||||asm
040 _cMAIN
041 _aasm
082 _a100
100 _aGupta, M.K.,
_eAuthor.
245 1 _aKenedore sadai mukali monere thakiba pari
_cby M.K. Gupta
250 _a1st ed. /
_bTranslation of M.K. Gupta`s How to Remain Ever Free.
260 _aGuwahati:
_bBanalata,
_c2012.
300 _a240p.
653 _aPhilosophy & psychology
653 _aFree minded living
700 _aSarma, Anil,
_eTranslator.
942 _cBK
999 _c8504
_d8504